Whitney Houston's Billboard Hot 100 History - Statistics

General Stats
  • This quiz has been taken 3 times
  • The average score is 14 of 40
Answer Stats
Peak Position Song Weeks On Chart Debut Date % Correct
#1 How Will I Know 24 December 7th 1985
100%
#4 It's Not Right But It's Okay 20 May 8th 1999
100%
#1 I Wanna Dance With Somebody (Who Loves Me) 20 May 16th 1987
100%
#1 I Will Always Love You 29 November 14th 1992
100%
#1 All The Man That I Need 23 December 22nd 1990
50%
#8 Count On Me (From «Waiting To Exhale») 20 March 23rd 1996
50%
#1 Didn't We Almost Have It All 17 August 1st 1987
50%
#1 Exhale (Shoop Shoop) (From «Waiting To Exhale») 21 November 25th 1995
50%
#1 Greatest Love Of All 20 March 29th 1986
50%
#4 I Have Nothing 20 February 27th 1993
50%
#1 i'm Your Baby Tonight 19 October 20th 1990
50%
#9 Love Will Save The Day 16 July 2nd 1988
50%
#9 Miracle 14 April 13th 1991
50%
#77 My Heart Is Calling (From «The Preacher's Wife») 4 July 5th 1997
50%
#20 My Name Is Not Susan 10 July 27th 1991
50%
#5 One Moment In Time 17 September 10th 1988
50%
#31 Run To You 20 June 26th 1993
50%
#1 Saving All My Love For You 22 August 17th 1985
50%
#1 So Emotional 19 October 31st 1987
50%
#15 Step By Step (From «The Preacher's Wife») 17 March 15th 1997
50%
#6 The Star Spangled Banner 27 March 9th 1991
50%
#15 When You Believe 17 December 5th 1998
50%
#1 Where Do Broken Hearts Go 18 February 27th 1988
50%
#3 You Give Good Love 21 May 11th 1985
50%
#52 Could I Have This Kiss Forever 19 June 17th 2000
0%
#2 Heartbroken Hotel 28 December 26th 1998
0%
#63 Higher Love 9 July 13th 2019
0%
#46 Hold Me 18 June 9th 1984
0%
#4 I Believe In You And Me (From «The Preacher's Wife») 20 December 28th 1996
0%
#27 I Learned From The Best 11 February 19th 2000
0%
#70 I Look To You 6 August 22nd 2009
0%
#4 I'm Your Woman (From «The Bodyguard») 23 January 9th 1993
0%
#41 It Isn't, It Wasn't, It Ain't Never Gonna Be 8 July 1st 1989
0%
#100 Million Dollar Bill 1 September 19th 2009
0%
#4 My Love Is Your Love 28 December 28th 1996
0%
#72 One Of Those Days 19 November 16th 2002
0%
#70 Same Script, Different Cast 9 June 17th 2000
0%
#84 Try It On My Own 12 April 26th 2003
0%
#96 Whatchulookinat 3 August 24th 2002
0%
#26 Why Does It Hurt So Bad (From «Waiting To Exhale») 20 August 3rd 1996
0%
No matching quizzes found
Score Distribution
Percent of People with Each Score
Percentile by Number Answered
Your Score History
You have not taken this quiz